[Event "Brasschaat op 04th"]
[Site "Brasschaat"]
[Date "2004.08.23"]
[Round "3"]
[White "Baete, Guy"]
[Black "Szoke, Harry"]
[Result "1-0"]
[WhiteElo "1868"]
[BlackElo "1671"]
[PlyCount "113"]
[EventDate "2004.08.21"]
[EventType "swiss"]
[EventRounds "9"]
[EventCountry "BEL"]
[SourceTitle "EXT 2017"]
[Source "ChessBase"]
[SourceDate "2016.10.25"]
[SourceVersion "1"]
[SourceVersionDate "2016.10.25"]
[SourceQuality "1"]

1. d4 g6 2. e4 Bg7 3. Be3 d6 4. Be2 Nf6 5. Nc3 0-0 6. h4 h5 7. Qd2 c6 8. Nh3 b5 9. f3 a5 10. Nf2 Kh7 11. g4 b4 12. Ncd1 hxg4 13. fxg4 Rh8 14. h5 gxh5 15. g5 Ne8 16. Bxh5 Kg8 17. Nd3 e5 18. Qf2 Be6 19. dxe5 Bxe5 20. Nxe5 dxe5 21. Qh4 Kg7 22. Qg3 Nd7 23. Nf2 Qc7 24. Ng4 c5 25. Nh6 Nd6 26. Bf3 Nc4 27. Bc1 Rh7 28. b3 Na3 29. Bxa3 bxa3 30. Bg4 Qc6 31. Bf5 Rhh8 32. Qh3 Rae8 33. c4 a4 34. Qf3 axb3 35. axb3 Re7 36. Rxa3 Qb6 37. Qc3 Qb8 38. Rh3 Nf8 39. Ra5 Qc7 40. Rb5 Nh7 41. Qe3 Ra8 42. Ng4 Bxf5 43. exf5 Ra1+ 44. Kf2 Ra2+ 45. Kg1 Rd7 46. Rxh7+ Kf8 47. Nf2 Rd1+ 48. Kg2 Qc6+ 49. Qe4 Qc7 50. f6 Kg8 51. Rg7+ Kf8 52. Qh7 Qc6+ 53. Qe4 Qc7 54. Rb7 Ke8 55. Rg8+ Kd7 56. Rxc7+ Kxc7 57. Qxe5+ 1-0